| 000 | 01186cam a2200361 a 4500 | ||
|---|---|---|---|
| 001 | 2184 | ||
| 003 | FISKH033500712005 | ||
| 005 | 20231108140818.0 | ||
| 008 | 860924s1987 wiua j 000 1 eng | ||
| 010 | _a 86072406 | ||
| 020 | _a0307109100 | ||
| 020 | _a033500712005 | ||
| 020 | _a0307609103 (lib. bdg.) | ||
| 040 |
_aDLC _cDLC _dDLC _beng |
||
| 042 | _alcac | ||
| 050 | 0 | 0 |
_aPZ7.T371463 _bGr 1987 |
| 082 | 0 | 0 |
_a813.54 _219 |
| 100 | 1 | _aThompson, Emily. | |
| 245 | 1 | 0 |
_aGrover takes care of baby / _cby Emily Thompson ; illustrated by Tom Cooke. |
| 260 |
_aRacine : _bWestern, _c1987. |
||
| 300 |
_a24 unnumbered pages : _bcolor illustrations ; _c21 cm. |
||
| 490 | 0 | _aA Golden friendly book | |
| 505 | _aO | ||
| 520 | _aGrover imagines all the things he would do if he had a chance to take care of his baby cousin--and he finally gets that chance. | ||
| 521 |
_a600
_bLexile estimate |
||
| 521 |
_aO
_bRaz-Plus |
||
| 650 | 1 |
_aBabies _xFiction. |
|
| 650 | 1 |
_aPuppets _xFiction. |
|
| 650 | 1 |
_aBabysitters and babysitting _xFiction. |
|
| 700 | 1 |
_aCooke, Tom, _eillustrator |
|
| 906 |
_a7 _bcbc _corignew _d2 _eopcn _f19 _gy-gencatlg |
||
| 942 |
_2ddc _cBK _n0 |
||
| 999 |
_c2184 _d2184 |
||